| 000 | 00805 a2200253 4500 | ||
|---|---|---|---|
| 003 | Nust | ||
| 005 | 20220205143207.0 | ||
| 008 | 170227b xxu||||| |||| 00| 0 eng d | ||
| 020 | _a9694321751 | ||
| 020 | _a9789694321752 | ||
| 038 | _awaseem | ||
| 040 | _c0 | ||
| 082 | _a320.954 | ||
| 100 | 1 |
_aSherwani, Haroon Khan. _988801 |
|
| 245 | 1 | 0 |
_aStudies in muslim political thought and administration / _cHaroon Khan Sherwani. |
| 250 | _a7th Revised edition ed. | ||
| 260 |
_a[S.l.] : _bAshraf,Lahore, _c2007. |
||
| 300 | _a279 p. | ||
| 500 | _aHardcover. | ||
| 563 | _aPBK. | ||
| 856 | 4 | 0 |
_3Amazon.com _uhttp://www.amazon.com/exec/obidos/ASIN/9694321751/chopaconline-20 |
| 856 | 4 | 0 |
_3Amazon customer reviews _uhttp://www.chopac.org/cgi-bin/tools/azrev.pl?q=9694321751 |
| 942 |
_cBK _k415 SHE _2ddc |
||
| 999 |
_c232962 _d232962 |
||